The Modern law of evidence / (Record no. 3882)

MARC details
000 -LEADER
fixed length control field 00705cam a22002292 4500
001 - CONTROL NUMBER
control field 0000019149
005 - DATE AND TIME OF LATEST TRANSACTION
control field 20151217145911.0
008 - FIXED-LENGTH DATA ELEMENTS--GENERAL INFORMATION
fixed length control field 101018s xx 000 0 eng d
020 ## - INTERNATIONAL STANDARD BOOK NUMBER
International Standard Book Number 0199558346 :
040 ## - CATALOGING SOURCE
Original cataloging agency KABU
Transcribing agency KABU
100 1# - MAIN ENTRY--PERSONAL NAME
Personal name Keane, Adrian.
-- 0000160354
245 14 - TITLE STATEMENT
Title The Modern law of evidence /
Statement of responsibility, etc. Adrian Keane, James Griffiths, Paul McKeown.
250 ## - EDITION STATEMENT
Edition statement 8th ed.
260 ## - PUBLICATION, DISTRIBUTION, ETC. (IMPRINT)
Place of publication, distribution, etc. Oxford :
Name of publisher, distributor, etc. O. U. P.,
Date of publication, distribution, etc. 2010.
300 ## - PHYSICAL DESCRIPTION
Extent lxviii, 688 p.
650 #0 - SUBJECT ADDED ENTRY--TOPICAL TERM
Topical term or geographic name as entry element Evidence (Law)
Geographic subdivision Great Britain.
-- 0000160151
700 1# - ADDED ENTRY--PERSONAL NAME
Personal name Griths, James.
-- 0000178803
700 1# - ADDED ENTRY--PERSONAL NAME
Personal name McKeown, Paul.
-- 0000178804
852 1# - LOCATION
-- p4060 KES
908 ## - PUT COMMAND PARAMETER (RLIN)
Put command parameter 101018
950 ## - LOCAL HOLDINGS (RLIN)
-- 1
Holdings
Withdrawn status Lost status Source of classification or shelving scheme Not for loan Home library Current library Date acquired Total Checkouts Full call number Barcode Date last seen Date last checked out Price effective from Koha item type Total Renewals
    Library of Congress Classification   Kabarak, Main Campus Kabarak, Main Campus 17/12/2015 18 KD7499 .K43 2010 c. 2 21342 07/03/2025 06/03/2025 17/12/2015 General Collection  
    Library of Congress Classification   Kabarak, Main Campus Kabarak, Main Campus 17/12/2015 9 KD7499 .K43 2010 c. 1 23799 16/02/2026 19/05/2025 17/12/2015 General Collection 2
    Library of Congress Classification   Kabarak, Main Campus Kabarak, Main Campus 17/12/2015 13 KD7499 .K43 2010 c. 3 19447 24/10/2024 24/10/2024 17/12/2015 General Collection  
Designed with assistance from East African Informatics Ltd